[Event "Hull 4NCL International"]
[Site "Hull"]
[Date "2021.10.23"]
[Round "3.6"]
[White "Slegg, Gary"]
[Black "Salisbury, Paul"]
[Result "0-1"]
[WhiteElo "1592"]
[BlackElo "1681"]
[PlyCount "84"]
[EventDate "2021.10.22"]

1. e4 d6 2. Nf3 g6 3. d4 Bg7 4. c4 Nd7 5. Nc3 e5 6. Be3 Ngf6 7. h3 c6 8. d5 O-O
9. Be2 cxd5 10. cxd5 Qa5 11. O-O Nc5 12. Nd2 Qd8 13. b4 Ncd7 14. Nc4 Nb6 15. f3
Nxc4 16. Bxc4 Nh5 17. Ne2 Bd7 18. Rc1 a6 19. a3 Rc8 20. Bd3 Rxc1 21. Qxc1 Qc8
22. Qxc8 Rxc8 23. Rc1 Rxc1+ 24. Bxc1 f5 25. Be3 Kf7 26. Bb6 Bf8 27. g4 fxe4 28.
Bxe4 Nf6 29. Ng3 Bh6 30. Bc7 Ke7 31. Ne2 Be3+ 32. Kf1 Bb5 33. Ke1 Nxe4 34. fxe4
Bd3 35. Nc3 Bd4 36. Kd2 Bf1 37. Ne2 Bf2 38. h4 Bxh4 39. Bb6 Bh3 40. Ng1 Bxg4
41. Ke3 Bg5+ 42. Kd3 Bd1 0-1

[Event "Hull 4NCL International"]
[Site "Hull"]
[Date "2021.10.23"]
[Round "3.7"]
[White "Zigmond, Andrew"]
[Black "Hollyman, Mike"]
[Result "1-0"]
[WhiteElo "1675"]
[BlackElo "1289"]
[PlyCount "75"]
[EventDate "2021.10.22"]

1. e4 d5 2. exd5 Nf6 3. d4 Bg4 4. Nf3 Qxd5 5. Be2 Nc6 6. c4 Qa5+ 7. Bd2 Qh5 8.
Qb3 O-O-O 9. d5 Bxf3 10. Bxf3 Qe5+ 11. Qe3 Qxb2 12. Bc3 Nb4 13. Bxb2 Nc2+ 14.
Ke2 Nxe3 15. fxe3 e6 16. Bxf6 gxf6 17. Nc3 Bg7 18. Rab1 e5 19. d6 c6 20. c5 h5
21. Rb3 f5 22. Kf2 h4 23. Rhb1 Kd7 24. Rxb7+ Ke6 25. Re7+ Kf6 26. Rbb7 Rhf8 27.
Bxc6 Rb8 28. Rxb8 Rxb8 29. Rb7 Rc8 30. d7 Rd8 31. Rc7 Bf8 32. Nd5+ Ke6 33. Rc8
Be7 34. Nxe7 Kxe7 35. Ba4 f6 36. c6 e4 37. c7 Rxd7 38. Re8+ 1-0

[Event "Hull 4NCL International"]
[Site "Hull"]
[Date "2021.10.23"]
[Round "3.8"]
[White "Graham, Donald M"]
[Black "Vdovycia, Titas"]
[Result "0-1"]
[WhiteElo "1668"]
[BlackElo "1479"]
[PlyCount "60"]
[EventDate "2021.10.22"]

1. b3 d5 2. Bb2 Bf5 3. e3 Nd7 4. Nf3 Ngf6 5. Be2 h6 6. O-O e6 7. c4 c6 8. d4
Be7 9. Qd2 Ne4 10. Qd1 O-O 11. Nbd2 Qc7 12. Ne5 Bd6 13. Nxd7 Qxd7 14. f3 Nf6
15. c5 Bc7 16. b4 a6 17. a4 Rfe8 18. f4 Ne4 19. Nxe4 Bxe4 20. Bd3 Bxd3 21. Qxd3
f5 22. Bc3 Reb8 23. Rab1 b5 24. cxb6 Rxb6 25. Rfc1 Bd6 26. Bd2 Rab8 27. Qc3 Qb7
28. Qb3 Bxb4 29. Bxb4 a5 30. Rc5 Rxb4 0-1

[Event "Hull 4NCL International"]
[Site "Hull"]
[Date "2021.10.23"]
[Round "3.10"]
[White "Hara, R Malcolm"]
[Black "Dunn, Giles"]
[Result "1-0"]
[WhiteElo "1608"]
[BlackElo "1698"]
[PlyCount "63"]
[EventDate "2021.10.22"]

1. d4 Nf6 2. Nf3 g6 3. Nc3 Bg7 4. Bf4 d6 5. Qd2 Nbd7 6. Bh6 O-O 7. Bxg7 Kxg7 8.
e3 c5 9. d5 a6 10. a4 Rb8 11. Be2 b5 12. axb5 axb5 13. Nxb5 Ne4 14. Qa5 Nb6 15.
Qa2 Bd7 16. Bd3 Nf6 17. Nc3 Ra8 18. Qb1 Rxa1 19. Qxa1 Nbxd5 20. Nxd5 Nxd5 21.
b4+ Nf6 22. bxc5 Bc6 23. e4 Kg8 24. cxd6 Qxd6 25. O-O Nxe4 26. Qe5 f6 27. Qxd6
Nxd6 28. Nd4 Bd5 29. Re1 Kf7 30. Nb5 Nf5 31. Nc7 Rd8 32. Nxd5 1-0

[Event "Hull 4NCL International"]
[Site "Hull"]
[Date "2021.10.23"]
[Round "3.11"]
[White "Webster, Vivien"]
[Black "Babb, Fergus"]
[Result "0-1"]
[WhiteElo "1696"]
[BlackElo "1465"]
[PlyCount "56"]
[EventDate "2021.10.22"]

1. d4 d5 2. c4 e6 3. a3 b6 4. Nf3 Nf6 5. e3 Bb7 6. b4 c5 7. cxd5 exd5 8. Bb5+
Nc6 9. bxc5 bxc5 10. Ne5 Qa5+ 11. Bd2 Qxb5 12. Nc3 Qb6 13. Rb1 Qc7 14. Nb5 Qc8
15. Qa4 Be7 16. Ba5 O-O 17. Nc7 Nxe5 18. dxe5 Qf5 19. Rxb7 Qxe5 20. Nxa8 Rxa8
21. Qc2 d4 22. Bc7 Qd5 23. Rb8+ Rxb8 24. Bxb8 Qxg2 25. Rf1 dxe3 26. Qf5 Ne4 27.
Ke2 Nc3+ 28. Ke1 e2 0-1

[Event "Hull 4NCL International"]
[Site "Hull"]
[Date "2021.10.23"]
[Round "3.12"]
[White "Summerland, David"]
[Black "Patterson, Dave"]
[Result "0-1"]
[WhiteElo "1548"]
[BlackElo "1692"]
[PlyCount "84"]
[EventDate "2021.10.22"]

1. e4 e6 2. Nf3 d5 3. exd5 exd5 4. Qe2+ Be6 5. Qb5+ Nd7 6. Nd4 Qf6 7. Nxe6
Qxe6+ 8. Qe2 Bc5 9. Nc3 Ngf6 10. f3 O-O-O 11. Qxe6 fxe6 12. d3 h6 13. Bd2 d4
14. Na4 Bd6 15. b4 Nd5 16. a3 b5 17. Nb2 Rhf8 18. Nd1 g5 19. c3 dxc3 20. Nxc3
a6 21. Ne4 Be5 22. Ra2 N7b6 23. Nc5 Bd4 24. Nxa6 Na4 25. Rc2 Rd6 26. Nc5 Nxc5
27. bxc5 Rc6 28. Bb4 Kd7 29. Be2 Ne3 30. Bd1 Rf5 31. Ra2 Re5 32. Kd2 Nxg2 33.
a4 Ra6 34. Bb3 Bxc5 35. Bc3 Rf5 36. d4 Rd6 37. Bc2 Rxf3 38. a5 Rf2+ 39. Kc1 Ba7
40. Rd1 Ne3 41. Rd2 Rf1+ 42. Bd1 Rc6 0-1

[Event "Hull 4NCL International"]
[Site "Hull"]
[Date "2021.10.23"]
[Round "3.15"]
[White "King, Steve"]
[Black "Buckell, David J"]
[Result "1-0"]
[WhiteElo "1465"]
[BlackElo "1616"]
[PlyCount "59"]
[EventDate "2021.10.22"]

1. e4 d6 2. d4 Nf6 3. Nc3 g6 4. Bg5 c6 5. Nf3 Bg7 6. h3 Qa5 7. Bd3 Nbd7 8. O-O
e5 9. dxe5 dxe5 10. a3 Qc7 11. Be3 O-O 12. b4 a6 13. Qe2 Re8 14. Na4 b5 15. Nc5
Bf8 16. c4 Nxc5 17. bxc5 Nd7 18. cxb5 axb5 19. Rfc1 Nf6 20. Ne1 Bg7 21. Nc2 Be6
22. Nb4 Bd7 23. Bc2 Reb8 24. Rd1 Ne8 25. Bb3 Kf8 26. Ra2 Nf6 27. Bg5 h6 28.
Bxf6 Bxf6 29. Qf3 Kg7 30. Rd6 1-0

[Event "Hull 4NCL International"]
[Site "Hull"]
[Date "2021.10.23"]
[Round "3.18"]
[White "Grice, Alec"]
[Black "Verma, Anand"]
[Result "0-1"]
[WhiteElo "1668"]
[BlackElo "1164"]
[PlyCount "76"]
[EventDate "2021.10.22"]

1. e4 e5 2. Nf3 Nc6 3. Bc4 h6 4. O-O Nf6 5. Re1 Bc5 6. c3 O-O 7. d4 exd4 8.
cxd4 Bb4 9. Nc3 d6 10. h3 Re8 11. Qb3 Qd7 12. d5 Bxc3 13. dxc6 bxc6 14. bxc3
Nxe4 15. Bf4 d5 16. Rad1 dxc4 17. Qxc4 Qe6 18. Qd3 f5 19. Nd4 Qxa2 20. Re2 Qa5
21. f3 Nd6 22. Rxe8+ Nxe8 23. Qe2 Bd7 24. Qe7 Qd5 25. Re1 Qf7 26. Qb4 Nd6 27.
Bxd6 cxd6 28. Qxd6 Re8 29. Rb1 Qd5 30. Qf4 a5 31. Rb8 Rxb8 32. Qxb8+ Kh7 33. f4
c5 34. Nf3 a4 35. Ne5 Be6 36. Kh1 Qb3 37. Qd6 a3 38. Nd3 a2 0-1

[Event "Hull 4NCL International"]
[Site "Hull"]
[Date "2021.10.23"]
[Round "3.19"]
[White "Schofield, Mark"]
[Black "Ashton, Alannah"]
[Result "1/2-1/2"]
[WhiteElo "1323"]
[BlackElo "1571"]
[PlyCount "60"]
[EventDate "2021.10.22"]

1. e4 c5 2. Nc3 Nc6 3. g3 Nf6 4. Bg2 e6 5. d3 Be7 6. Nge2 O-O 7. O-O d5 8. Bd2
d4 9. Nb1 b5 10. e5 Nd5 11. f4 Qb6 12. Kh1 c4 13. Ng1 Rb8 14. Be4 Ne3 15. Bxe3
dxe3 16. Qh5 h6 17. Nf3 e2 18. Rg1 Bd7 19. Nc3 cxd3 20. cxd3 Nb4 21. Nxe2 Be8
22. f5 f6 23. Qg4 Qe3 24. Nf4 exf5 25. Qxf5 fxe5 26. Qh7+ Kf7 27. Qg6+ Kg8 28.
Qh7+ Kf7 29. Qg6+ Kg8 30. Qh7+ Kf7 1/2-1/2

[Event "Hull 4NCL International"]
[Site "Hull"]
[Date "2021.10.23"]
[Round "3.22"]
[White "Dhillon, Tas"]
[Black "Boozorginia, Zoya"]
[Result "0-1"]
[WhiteElo "1623"]
[BlackElo "1081"]
[PlyCount "68"]
[EventDate "2021.10.22"]

1. e4 Nf6 2. e5 Nd5 3. d4 e6 4. c4 Nb6 5. Nf3 Be7 6. Nc3 c6 7. Bd3 d6 8. b3 d5
9. c5 N6d7 10. O-O b6 11. b4 b5 12. a4 Bb7 13. axb5 a5 14. bxc6 Nxc6 15. b5 Nb4
16. c6 Nxd3 17. cxd7+ Qxd7 18. Qxd3 Qc7 19. Ba3 Rc8 20. Rfc1 Bb4 21. Bxb4 axb4
22. Ne2 Qe7 23. b6 O-O 24. h3 Rc6 25. Rxc6 Bxc6 26. Qb3 Rb8 27. Ra7 Qf8 28. Ng5
Rb7 29. Qc2 Qe8 30. Qxh7+ Kf8 31. Qh8+ Ke7 32. Qxg7 Rxa7 33. bxa7 b3 34. Nc3
Qf8 0-1

[Event "Hull 4NCL International"]
[Site "Hull"]
[Date "2021.10.23"]
[Round "3.23"]
[White "Pal, Rhea"]
[Black "Jerome, Stelio"]
[Result "1-0"]
[WhiteElo "1083"]
[BlackElo "1445"]
[PlyCount "85"]
[EventDate "2021.10.22"]

1. d4 Nf6 2. Bf4 d5 3. e3 e6 4. Nf3 Bd6 5. Ne5 O-O 6. Nd2 Nbd7 7. Qf3 c5 8. c3
Qc7 9. Qh3 c4 10. Be2 Nxe5 11. dxe5 Bxe5 12. Bg5 Nd7 13. Bd1 Nc5 14. Bc2 Nd3+
15. Bxd3 cxd3 16. Qg4 f5 17. Qd1 Bf6 18. Bxf6 Rxf6 19. h4 e5 20. Nf3 e4 21. Nd4
Bd7 22. h5 h6 23. Qb3 Bc6 24. Nxc6 bxc6 25. Rh3 Rb8 26. Qa3 Rff8 27. O-O-O f4
28. Rh4 fxe3 29. fxe3 Qb6 30. Rh3 Rf2 31. Rd2 Qxe3 32. Rxe3 Rf1+ 33. Rd1 Rf2
34. Qxa7 Rc2+ 35. Kb1 Rf2 36. Qxb8+ Kh7 37. a4 Rxg2 38. a5 Re2 39. Rh3 d2 40.
Rhh1 e3 41. a6 Rf2 42. a7 e2 43. a8=Q 1-0

[Event "Hull 4NCL International"]
[Site "Hull"]
[Date "2021.10.23"]
[Round "3.24"]
[White "Scorer, David M"]
[Black "Kluckova, Alzbeta"]
[Result "1/2-1/2"]
[WhiteElo "1400"]
[BlackElo "1057"]
[PlyCount "43"]
[EventDate "2021.10.22"]

1. d4 d5 2. Nf3 Nc6 3. Bf4 e6 4. c3 Bd6 5. Bg3 Nf6 6. e3 O-O 7. Bd3 Bxg3 8.
hxg3 Ne4 9. Nbd2 f5 10. Qe2 Ng5 11. O-O-O Qe7 12. Nxg5 Qxg5 13. Rh5 Qf6 14.
Rdh1 Ne7 15. Rxh7 Ng6 16. Nf3 Bd7 17. Ne5 Nxe5 18. dxe5 Qg6 19. Qh5 Qxh5 20.
R7xh5 Kf7 21. f4 Rg8 22. Kd2 1/2-1/2

[Event "Hull 4NCL International"]
[Site "Hull"]
[Date "2021.10.24"]
[Round "4.1"]
[White "Carroll, Michael"]
[Black "Catto, Joseph"]
[Result "0-1"]
[WhiteElo "1668"]
[BlackElo "1690"]
[PlyCount "59"]
[EventDate "2021.10.22"]

1. c4 e5 2. Nc3 Nf6 3. g3 c6 4. Nf3 e4 5. Nd4 Qb6 6. Nb3 d5 7. cxd5 cxd5 8. Bg2
Bb4 9. O-O O-O 10. d4 Bg4 11. f3 Bh5 12. Rb1 Bg6 13. f4 Bf5 14. e3 Nbd7 15. h3
h5 16. Kh2 Rac8 17. Bd2 Qe6 18. Qe1 Bd6 19. Nb5 Bb8 20. Bb4 Rfe8 21. Nc5 Nxc5
22. Bxc5 b6 23. Bb4 a6 24. Na3 g5 25. fxg5 h4 26. Qe2 Nh7 27. Qh5 Bxg3+ 28. Kg1
Kh8 29. Be1 Bxe1 30. Rbxe1 0-1

[Event "Hull 4NCL International"]
[Site "Hull"]
[Date "2021.10.24"]
[Round "4.2"]
[White "Greenaway, Terence V"]
[Black "Fisher, Neal"]
[Result "1-0"]
[WhiteElo "1653"]
[BlackElo "1684"]
[PlyCount "209"]
[EventDate "2021.10.22"]

1. c4 e5 2. Nc3 Nf6 3. Nf3 Nc6 4. g3 Bc5 5. Nxe5 Nxe5 6. d4 Bxd4 7. Qxd4 Nc6 8.
Qd1 d6 9. Bg2 Ne5 10. b3 O-O 11. O-O Ng6 12. Qd4 a6 13. Rd1 Qe7 14. Bg5 Qe5 15.
Bxf6 gxf6 16. Nd5 Qxd4 17. Rxd4 c6 18. Nb6 Rb8 19. Nxc8 Rbxc8 20. Rxd6 Kg7 21.
Rad1 Rb8 22. Bh3 Rfe8 23. e3 Ne5 24. Kg2 Re7 25. R1d4 Ng6 26. Bg4 Ne5 27. h4 b5
28. cxb5 axb5 29. Bf5 Ra8 30. Rd2 Rea7 31. Bb1 Rc7 32. Rc2 c5 33. Rb6 b4 34.
Rd2 c4 35. Rxb4 cxb3 36. axb3 Ra1 37. Rd1 Rc3 38. Ra4 Rxa4 39. bxa4 Ra3 40. Rd4
Nc6 41. Rg4+ Kh8 42. Bf5 Ne5 43. Re4 Kg7 44. Rd4 Ra2 45. h5 h6 46. g4 Nc6 47.
Rf4 Ne5 48. Kg3 Ra3 49. Rd4 Nc6 50. Rc4 Ne5 51. Re4 Nd3 52. Rd4 Nc5 53. Bc2 Ra2
54. Rc4 Ne6 55. Bf5 Ng5 56. Bd7 Ra3 57. Rc7 Kf8 58. Rc4 Ke7 59. Bb5 Kd6 60. Bc6
Ne6 61. Be8 Ke7 62. Rc8 Nd8 63. Bb5 Ra2 64. Rc7+ Kf8 65. Rc8 Ke7 66. Ra8 Ra3
67. Bc4 Nc6 68. Bd5 Ne5 69. Ra7+ Kf8 70. Ra6 Kg7 71. a5 Rd3 72. Be4 Ra3 73. Ra8
Ra4 74. f3 Nc4 75. a6 Nxe3 76. Bb7 Nc4 77. Rd8 Ne5 78. Rc8 Ra3 79. Rc7 Ra5 80.
Re7 Kf8 81. Rc7 Ra3 82. Bc8 Rxf3+ 83. Kg2 Ra3 84. a7 Ke8 85. Bf5 Ra2+ 86. Kg3
Ra3+ 87. Kf4 Ra4+ 88. Be4 Kd8 89. Rb7 Nc6 90. Rxf7 Nxa7 91. Rxf6 Ke7 92. Rxh6
Nb5 93. Rh7+ Kf8 94. Ke5 Ra5 95. Bd5 Nc3 96. Rd7 Ke8 97. Rd6 Ke7 98. h6 Nxd5
99. Rxd5 Ra1 100. g5 Re1+ 101. Kf5 Rf1+ 102. Kg6 Ke6 103. Ra5 Rh1 104. h7 Ke7
105. Kg7 1-0

[Event "Hull 4NCL International"]
[Site "Hull"]
[Date "2021.10.24"]
[Round "4.3"]
[White "Salisbury, Paul"]
[Black "Vdovycia, Titas"]
[Result "1-0"]
[WhiteElo "1681"]
[BlackElo "1479"]
[PlyCount "33"]
[EventDate "2021.10.22"]

1. e4 e5 2. d4 exd4 3. Qxd4 Nc6 4. Qe3 d6 5. Nc3 g6 6. Bc4 Bg7 7. Bd2 Nf6 8.
O-O-O Ng4 9. Qg3 Nge5 10. Bb3 O-O 11. f4 Nd7 12. Nf3 Re8 13. Ng5 Rf8 14. f5
Nde5 15. fxg6 Nxg6 16. h4 h5 17. Nxf7 1-0

[Event "Hull 4NCL International"]
[Site "Hull"]
[Date "2021.10.24"]
[Round "4.6"]
[White "Jones, Paul W"]
[Black "Bettley, Mark S"]
[Result "0-1"]
[WhiteElo "1690"]
[BlackElo "1608"]
[PlyCount "86"]
[EventDate "2021.10.22"]

1. f4 d5 2. Nf3 Nf6 3. d3 e6 4. c3 g6 5. Qc2 Bg7 6. e4 dxe4 7. dxe4 O-O 8. Be3
b6 9. Nbd2 Bb7 10. O-O-O Nc6 11. h3 Qe7 12. g4 Rfd8 13. Rg1 a5 14. h4 h5 15.
gxh5 Nxh5 16. Be2 Ba6 17. Bxa6 Rxa6 18. Qa4 Qe8 19. Nc4 Raa8 20. Qb5 Ne7 21.
Qb3 Qc6 22. Ncd2 a4 23. Qa3 Bf8 24. Ne5 Qb7 25. b4 axb3 26. Qxb3 Nc6 27. Rxg6+
Ng7 28. Nxc6 Qxc6 29. Rgg1 Ra3 30. Qb2 Rxc3+ 31. Kb1 Rxe3 32. Qf6 Red3 33. Rg2
Qc3 34. Qxc3 Rxc3 35. Rc1 Rxc1+ 36. Kxc1 Kh8 37. Kc2 Nh5 38. f5 e5 39. Nf3 f6
40. Nd2 Bc5 41. Nb3 Be3 42. a4 Ra8 43. Kd3 Nf4+ 0-1

[Event "Hull 4NCL International"]
[Site "Hull"]
[Date "2021.10.24"]
[Round "4.7"]
[White "Oliver, Bruce R"]
[Black "Weller, Colin"]
[Result "1/2-1/2"]
[WhiteElo "1690"]
[BlackElo "1610"]
[PlyCount "67"]
[EventDate "2021.10.22"]

1. Nf3 d6 2. g3 e5 3. d3 Nf6 4. Bg2 Nbd7 5. O-O Be7 6. e4 O-O 7. Nc3 h6 8. Ne1
Nh7 9. f4 exf4 10. Bxf4 Ne5 11. d4 Ng6 12. Nd5 Nxf4 13. Nxe7+ Qxe7 14. Rxf4 Ng5
15. Nd3 Ne6 16. Rf2 Nxd4 17. Nf4 Nc6 18. Nd5 Qd8 19. Qh5 f6 20. Raf1 Kh7 21. e5
Nxe5 22. Be4+ f5 23. g4 g6 24. Qh3 c6 25. gxf5 gxf5 26. Rxf5 Rxf5 27. Rxf5 Kg7
28. Qg3+ Ng6 29. Rh5 Qe8 30. Ne7 Qxe7 31. Qxg6+ Kf8 32. Qxh6+ Qg7+ 33. Qxg7+
Kxg7 34. Rg5+ 1/2-1/2

[Event "Hull 4NCL International"]
[Site "Hull"]
[Date "2021.10.24"]
[Round "4.8"]
[White "Babb, Fergus"]
[Black "Jiping, Li"]
[Result "0-1"]
[WhiteElo "1465"]
[BlackElo "1658"]
[PlyCount "68"]
[EventDate "2021.10.22"]

1. c4 c5 2. Nf3 Nc6 3. d4 cxd4 4. Nxd4 Nf6 5. Nc3 e5 6. Nxc6 bxc6 7. e4 Bb4 8.
Bd2 O-O 9. Bd3 d5 10. cxd5 cxd5 11. Nxd5 Bxd2+ 12. Qxd2 Nxd5 13. exd5 e4 14.
Bc4 e3 15. fxe3 Qh4+ 16. g3 Qxc4 17. b3 Qe4 18. O-O Bb7 19. Rad1 Rad8 20. Rf4
Qxd5 21. Rd4 Qh1+ 22. Kf2 Qxh2+ 23. Ke1 Qg1+ 24. Ke2 Ba6+ 25. Kf3 Bb7+ 26. e4
Qxd4 27. Qxd4 Rxd4 28. Rxd4 f5 29. Ke3 Re8 30. Rd7 Rxe4+ 31. Kd3 Bc6 32. Rxa7
h5 33. Ra5 Rg4 34. Rxf5 Be4+ 0-1

[Event "Hull 4NCL International"]
[Site "Hull"]
[Date "2021.10.24"]
[Round "4.9"]
[White "Milson, Neil"]
[Black "Hara, R Malcolm"]
[Result "1/2-1/2"]
[WhiteElo "1630"]
[BlackElo "1608"]
[PlyCount "72"]
[EventDate "2021.10.22"]

1. e4 c5 2. Nf3 g6 3. Bc4 Bg7 4. Nc3 d6 5. d3 Nc6 6. O-O Na5 7. Bb5+ Bd7 8. a4
Nh6 9. Bd2 a6 10. Bxd7+ Qxd7 11. Nd5 Qd8 12. Bc3 Bxc3 13. bxc3 e6 14. Ne3 Nc6
15. Qd2 Ng8 16. Rfb1 Rb8 17. Nc4 b5 18. axb5 axb5 19. Ne3 Nge7 20. d4 c4 21. d5
Ne5 22. Nxe5 dxe5 23. Rd1 exd5 24. Nxd5 Nc6 25. Qe3 O-O 26. Qf3 f6 27. Nb4 Qc8
28. Nxc6 Qxc6 29. Qe3 Kg7 30. Ra7+ Rb7 31. Rda1 Rff7 32. h3 Qc7 33. Rxb7 Qxb7
34. f3 Rd7 35. Ra2 Qc7 36. g4 h6 {neither scoresheet legible} 1/2-1/2

[Event "Hull 4NCL International"]
[Site "Hull"]
[Date "2021.10.24"]
[Round "4.11"]
[White "Burgoyne, Peter A"]
[Black "King, Steve"]
[Result "1-0"]
[WhiteElo "1653"]
[BlackElo "1465"]
[PlyCount "33"]
[EventDate "2021.10.22"]

1. e4 d5 2. exd5 Nf6 3. d4 e6 4. dxe6 Bxe6 5. Nf3 Bd6 6. Be2 O-O 7. O-O c6 8.
Bg5 Nbd7 9. Nbd2 Qc7 10. Nc4 Bxc4 11. Bxc4 h6 12. Bh4 Rad8 13. Re1 c5 14. Bb5
Rde8 15. Rxe8 Nxe8 16. Bxd7 Qxd7 17. dxc5 1-0

[Event "Hull 4NCL International"]
[Site "Hull"]
[Date "2021.10.24"]
[Round "4.12"]
[White "Hollyman, Mike"]
[Black "Graham, Donald M"]
[Result "0-1"]
[WhiteElo "1289"]
[BlackElo "1668"]
[PlyCount "70"]
[EventDate "2021.10.22"]

1. c4 f5 2. Nc3 Nf6 3. g3 d6 4. Bg2 e5 5. e3 Be7 6. Nge2 c6 7. f4 e4 8. d4 d5
9. Qb3 b6 10. cxd5 cxd5 11. Bd2 Nc6 12. O-O Qd7 13. a3 Na5 14. Qc2 Ba6 15. Rfb1
Bd3 16. Qd1 Bxb1 17. Qxb1 Nb3 18. Qd1 Nxa1 19. Qxa1 O-O 20. Qa2 Rac8 21. Bf1
Rfd8 22. Nc1 Qe8 23. Ba6 Qh5 24. Bxc8 Ng4 25. h4 Rxc8 26. Nxd5 Kf8 27. Nxe7 Nf6
28. Ng6+ Qxg6 29. Bb4+ Rc5 30. Kg2 Qg4 31. Bxc5+ bxc5 32. Kh2 Qf3 33. b3 Ng4+
34. Kg1 Qxg3+ 35. Qg2 Qxe3+ 0-1

[Event "Hull 4NCL International"]
[Site "Hull"]
[Date "2021.10.24"]
[Round "4.14"]
[White "Meredith, Daniel"]
[Black "Slegg, Gary"]
[Result "0-1"]
[WhiteElo "1368"]
[BlackElo "1592"]
[PlyCount "58"]
[EventDate "2021.10.22"]

1. e4 c5 2. d4 cxd4 3. c3 dxc3 4. Nxc3 e6 5. Nf3 Nc6 6. Bc4 Qc7 7. O-O Nf6 8.
Re1 a6 9. e5 Ng4 10. Bf4 Ncxe5 11. Nxe5 Nxe5 12. Bb3 d6 13. Qd4 Nc6 14. Nd5 Qa5
15. Qe3 Be7 16. Nb6 Rb8 17. Nxc8 Rxc8 18. Qg3 O-O 19. Rad1 Ne5 20. Bxe5 dxe5
21. Rxe5 Qc7 22. Qe3 Rfd8 23. Rf1 Bf6 24. Rh5 Bxb2 25. Qh3 h6 26. Re1 Qc1 27.
Rf1 Qf4 28. g4 Rc3 29. Qh4 g5 0-1

[Event "Hull 4NCL International"]
[Site "Hull"]
[Date "2021.10.24"]
[Round "4.15"]
[White "Verma, Anand"]
[Black "Webster, Vivien"]
[Result "0-1"]
[WhiteElo "1164"]
[BlackElo "1696"]
[PlyCount "87"]
[EventDate "2021.10.22"]

1. d4 f5 2. Bf4 Nf6 3. h3 e6 4. e3 Be7 5. Nf3 O-O 6. Nbd2 b6 7. c3 Bb7 8. Bd3
a5 9. Qc2 Nd5 10. Bh2 Ba6 11. e4 Bxd3 12. Qxd3 fxe4 13. Qxe4 Nc6 14. O-O Nf6
15. Qc2 b5 16. Ng5 b4 17. Nde4 Nxe4 18. Nxe4 bxc3 19. bxc3 a4 20. Rab1 d5 21.
Nd2 Bd6 22. Bxd6 Qxd6 23. Nf3 h6 24. Rb7 e5 25. dxe5 Nxe5 26. Nxe5 Qxe5 27.
Rfb1 c5 28. R7b5 Rfc8 29. g3 Qe6 30. Rb6 Qxh3 31. Qg6 Qd7 32. Rb7 Rc7 33. Rxc7
Qxc7 34. Qe6+ Qf7 35. Qc6 Rf8 36. Qxc5 Qf5 37. Rb4 a3 38. Rb3 Qe4 39. Rxa3 Qe1+
40. Kg2 Qe4+ 41. Kf1 Qh1+ 42. Ke2 Re8+ 43. Kd2 Qe1+ 44. Kd3 0-1

[Event "Hull 4NCL International"]
[Site "Hull"]
[Date "2021.10.24"]
[Round "4.16"]
[White "Dunn, Giles"]
[Black "Schofield, Mark"]
[Result "1-0"]
[WhiteElo "1698"]
[BlackElo "1323"]
[PlyCount "57"]
[EventDate "2021.10.22"]

1. d4 d5 2. c4 e6 3. Nc3 Nf6 4. Nf3 Be7 5. Bf4 O-O 6. e3 b6 7. Ne5 Bb7 8. Bd3
dxc4 9. Bxc4 Bxg2 10. Rg1 Bh3 11. Qf3 Bf5 12. Qxa8 a5 13. Qg2 Bg6 14. Nxg6 hxg6
15. Ke2 Nbd7 16. Nb5 Bd6 17. Nxd6 cxd6 18. Bxd6 Re8 19. Rac1 Nh7 20. Bb5 f6 21.
Qxg6 Re7 22. Bxe7 Qxe7 23. Rc7 Nhf8 24. Qg3 e5 25. Bc4+ Kh8 26. Qh3+ Nh7 27.
Rxd7 Qb4 28. Rd8+ Qf8 29. Rxf8# 1-0

[Event "Hull 4NCL International"]
[Site "Hull"]
[Date "2021.10.24"]
[Round "4.18"]
[White "Dakwa, Rufaro"]
[Black "Johnstone, J Gerry"]
[Result "0-1"]
[WhiteElo "1393"]
[BlackElo "1613"]
[PlyCount "76"]
[EventDate "2021.10.22"]

1. e4 e6 2. d4 d5 3. Nc3 dxe4 4. Nxe4 Nd7 5. Bc4 Ngf6 6. Bg5 h6 7. Nxf6+ Nxf6
8. Bf4 c5 9. Nf3 cxd4 10. Nxd4 Qa5+ 11. c3 Bd7 12. Qe2 Be7 13. Be5 O-O 14. O-O
Rac8 15. b4 Qb6 16. Rad1 Rfd8 17. Nb3 Qc6 18. Rd4 b5 19. Na5 Qb6 20. Qf3 bxc4
21. Nb7 Bc6 22. Qxc6 Qxc6 23. Nxd8 Rxd8 24. Rfd1 Rxd4 25. Rxd4 Nd5 26. Rg4 Bf6
27. Bxf6 Nxf6 28. Rd4 Nd5 29. h4 Nxc3 30. Rd8+ Kh7 31. a3 Nd5 32. g3 c3 33. Kh2
c2 34. Rb8 c1=Q 35. Rb5 Qxb5 36. Kg2 Qbf1+ 37. Kf3 Qcd1+ 38. Ke4 Qfe2# 0-1

[Event "Hull 4NCL International"]
[Site "Hull"]
[Date "2021.10.24"]
[Round "4.20"]
[White "Pal, Rhea"]
[Black "Ashton, Alannah"]
[Result "0-1"]
[WhiteElo "1083"]
[BlackElo "1571"]
[PlyCount "78"]
[EventDate "2021.10.22"]

1. d4 d5 2. Bf4 Nf6 3. e3 e6 4. Nf3 Bd6 5. Ne5 O-O 6. Bd3 b6 7. Nd2 c5 8. c3
Qc7 9. Qf3 Ba6 10. Bc2 Nc6 11. Qg3 cxd4 12. Bh6 Nh5 13. Qg5 Bxe5 14. Qxh5 gxh6
15. Qxh6 d3 16. Bxd3 Bxd3 17. h4 Bg7 18. Qg5 Qe5 19. Qg4 Qf5 20. Qxf5 Bxf5 21.
O-O-O Rac8 22. f3 Nb4 23. e4 Nd3+ 24. Kb1 Nf2 25. exf5 Nxh1 26. Rxh1 exf5 27.
Rh3 Bh6 28. Rg3+ Kh8 29. Nb3 Rg8 30. Rxg8+ Rxg8 31. Nd4 f4 32. Nf5 Bf8 33. h5
Rxg2 34. h6 Rg3 35. Nxg3 fxg3 36. b3 g2 37. Kb2 g1=Q 38. Kc2 Qg2+ 39. Kd3 Qxf3+
0-1

[Event "Hull 4NCL International"]
[Site "Hull"]
[Date "2021.10.24"]
[Round "4.22"]
[White "Boozorginia, Zoya"]
[Black "Grice, Alec"]
[Result "0-1"]
[WhiteElo "1081"]
[BlackElo "1668"]
[PlyCount "132"]
[EventDate "2021.10.22"]

1. d4 Nf6 2. Nf3 g6 3. c4 Bg7 4. Nc3 d6 5. Bf4 O-O 6. e3 Nc6 7. Rc1 Re8 8. Bd3
Bg4 9. h3 Bxf3 10. Qxf3 e5 11. d5 Nb4 12. Be2 exf4 13. exf4 Qd7 14. O-O a5 15.
a3 Na6 16. b3 Nc5 17. b4 axb4 18. axb4 Nce4 19. Rfd1 Ra3 20. Rd3 Nxc3 21. Rdxc3
Rxc3 22. Rxc3 Ne4 23. Rc2 f5 24. Qb3 Kh8 25. Bf3 Qe7 26. Re2 Qd7 27. Qd3 Nf6
28. c5 Rxe2 29. Qxe2 Qe8 30. Qe6 dxc5 31. bxc5 b6 32. cxb6 cxb6 33. Qxe8+ Nxe8
34. Be2 Nd6 35. Kf1 Bd4 36. f3 b5 37. Bd3 b4 38. Bc2 Kg7 39. Ke2 Kf6 40. h4 Ke7
41. Ba4 Nb7 42. Kd2 Bc3+ 43. Kc2 Kd6 44. Be8 Nc5 45. Bf7 Be1 46. Bg8 h6 47. Bh7
Bxh4 48. Bxg6 Bg3 49. Bf7 Bxf4 50. Kb2 Be5+ 51. Kc2 f4 52. Kb1 Nd7 53. Kc2 Nf6
54. Kb3 Bc3 55. Kc4 h5 56. Be6 h4 57. Bf5 Nd7 58. Bxd7 Kxd7 59. Kc5 b3 60. Kc4
b2 61. Kxc3 b1=Q 62. Kd4 Qg1+ 63. Ke4 Qxg2 64. Kxf4 h3 65. Ke5 h2 66. f4 h1=Q
0-1

[Event "Hull 4NCL International"]
[Site "Hull"]
[Date "2021.10.24"]
[Round "4.25"]
[White "Jerome, Stelio"]
[Black "Dhillon, Tas"]
[Result "1-0"]
[WhiteElo "1445"]
[BlackElo "1623"]
[PlyCount "65"]
[EventDate "2021.10.22"]

1. e4 c5 2. d4 cxd4 3. c3 Nf6 4. e5 Nd5 5. cxd4 e6 6. Nc3 Bb4 7. Bd2 Qa5 8. Qc2
Nc6 9. Nf3 a6 10. Bc4 Nxc3 11. bxc3 Be7 12. O-O b5 13. Bd3 h6 14. c4 Qb6 15. c5
Qd8 16. Rfb1 Bg5 17. Be3 Bxe3 18. fxe3 f5 19. exf6 Qxf6 20. Rf1 O-O 21. Ne5
Nxe5 22. Rxf6 Rxf6 23. dxe5 Rf8 24. Rf1 Bb7 25. Qe2 Rac8 26. Qh5 Rxf1+ 27. Kxf1
Kf8 28. Qh4 Bd5 29. Qf4+ Ke7 30. Qg4 g5 31. Qh5 Rxc5 32. Qxh6 Kd8 33. Qf8+ 1-0